00481nam a2200145Ia 4500008004100000041000800041082002100049100001700070245004100087260002900128300003100157365000700188999001700195952012300212240624s9999 xx 000 0 und d aeng a339.46091724 PRA aPRAHALAD C K aFORTUNE AT THE BOTTOM OF THE PYRAMID c2005aNew DelhibPearson axix, : 401 : p. : cm. ; 23 cRS c28748d28748 00104070aIMTNbIMTNcRack 14-Bd2017-05-18g499.00o339.46091724 PRAp28748r2024-06-24 00:00:00t1w2024-06-24yBK